000 00353pab a2200145 454500
008 180718b2015 xxu||||| |||| 00| 0 eng d
100 _aAkhtar, Shmain
245 _aSir Syed Ahmad Khan and His audiences
260 _c2015
300 _ap.23-29.
362 _aJan-Feb
650 _aKhan, Syed Ahmad
773 _aSocial Scientist
909 _a107996
999 _c107991
_d107991